Geografía Poética de Chile. Valdivia
Shranjeno v:
| Main Authors: | , , , , , , , , , , , , , , , , , , , |
|---|---|
| Corporate Authors: | , |
| Drugi avtorji: | , , |
| Format: | Knjiga |
| Jezik: | španščina |
| Izdano: |
Santiago
Antártica
1997
|
| Izdaja: | 1a. ed |
| Serija: | Geografía Poética de Chile, 7
|
| Teme: | |
| Oznake: |
Označite
Brez oznak, prvi označite!
|
MARC
| LEADER | 00000nam a2200000 a 4500 | ||
|---|---|---|---|
| 001 | UCJ7242 | ||
| 003 | CL-VaPUC | ||
| 008 | 070124e19971102CL |||||||||||||||||spa|d | ||
| 082 | 0 | 4 | |a Ch861 |b VIV |2 21 |
| 100 | 0 | |a Vivar, Gerónimo de |e author |9 515467 | |
| 700 | 0 | |a Memet, José María |e author |9 515468 | |
| 700 | |a Guarda Geywitz, Gabriel |e autor |9 570466 | ||
| 700 | 0 | |a Edwards Navarrete, Alberto |e author |9 515470 | |
| 700 | 0 | |a Sanfuentes, Salvador |e author |9 315181 | |
| 700 | 0 | |a Calvo, Mayo |e author |9 515471 | |
| 700 | |a Harris, Tomás |e author |9 563804 | ||
| 700 | 0 | |a Torres, Jorge |e author |9 335029 | |
| 700 | |a Montt Pinto, Isabel |e autora |9 446020 | ||
| 700 | 0 | |a Koenenkampf,Guillermo |e author |9 515474 | |
| 700 | 0 | |a Canihuán, Jacqueline |e author |9 515475 | |
| 700 | 0 | |a Domínguez, Delia |e author |9 461716 | |
| 700 | 0 | |a Hübner Bezanilla, Jorge |e author |9 390327 | |
| 700 | 0 | |a Valle, Juvencio |e author |9 360235 | |
| 700 | |a Teillier, Jorge, |d 1935-1996 |e author |9 326721 | ||
| 700 | 0 | |a Anwandter, Andrés |e author |9 515476 | |
| 700 | 0 | |a Baeza S., Yeanette |e author |9 515477 | |
| 700 | |a Alfonso, José A |e author |9 507297 | ||
| 700 | 0 | |a Gómez, Mauricio A. |e author |9 515479 | |
| 700 | 0 | |a Epple, Juan Armando |e author |9 515480 | |
| 700 | 0 | |a Rubio, Alberto |e author |9 461710 | |
| 700 | 0 | |a Cáceres, Omar |e author |9 466193 | |
| 700 | |a Huidobro, Vicente |e autor |d 1893-1948 |q (García-Huidobro Fernández, Vicente) |9 505141 | ||
| 110 | 2 | |a Dirección de Bibliotecas, Archivos y Museos |e author |9 515481 | |
| 710 | 2 | |a Banco del Estado de Chile |e author |9 515482 | |
| 245 | 1 | 0 | |a Geografía Poética de Chile. Valdivia |
| 250 | |a 1a. ed | ||
| 300 | |a 108 p | ||
| 942 | |c BK | ||
| 945 | |d 20070124 00:00:00 |a rinostro | ||
| 260 | |a Santiago |b Antártica |c 1997 | ||
| 500 | |a Antología de poesías relativas a la Región de Los lagos y Valdivia.- Fotografías conforme a lo señalado en índice | ||
| 650 | 0 | |a Poesía chilena |9 268403 | |
| 650 | 0 | |a Antología |9 327336 | |
| 650 | 0 | |a Paisajes |9 344660 | |
| 650 | 0 | |a Ilustraciones |9 369481 | |
| 651 | 0 | |a Valdivia (Chile) |9 268941 | |
| 583 | |a last modification |c 20070124 00:00:00 |k Rodrigo Vera | ||
| 490 | 0 | |a Geografía Poética de Chile, 7 | |
| 999 | |c 323338 |d 323336 | ||
| 952 | |0 0 |1 0 |4 0 |6 CH_861_000000000000000_VIV_1997 |7 0 |8 X |9 402844 |a FDOBUD |b FDOBUD |d 2019-11-22 |i 1060376 |o Ch861 VIV 1997 |p 1060376 |r 2019-11-22 |w 2019-11-22 |y BK_X |k BUD | ||